| 000 | 00399nam a22001697a 4500 | ||
|---|---|---|---|
| 003 | CEME | ||
| 005 | 20210628210414.0 | ||
| 008 | 210216b xxu||||| |||| 00| 0 eng d | ||
| 040 | _c. | ||
| 082 | _a297 ALA | ||
| 100 |
_aAlam Faqri _966363 |
||
| 245 | _aHaqooq-ul-abad | ||
| 260 |
_aLAHORE _bSHABBIR BROTHERS _c1996 |
||
| 300 | _a254P | ||
| 650 |
_aISLAM-HAQOOQ-UL-ABAD _979263 |
||
| 942 |
_cBK _2ddc |
||
| 999 |
_c584314 _d584314 |
||